[Event "Satka Autumn op (Women)"]
[Site "Satka"]
[Date "2019.09.21"]
[Round "3"]
[White "Mirzaeva, Gulnara"]
[Black "Kulkova, Dina"]
[Result "1-0"]
[WhiteElo "1936"]
[BlackElo "1424"]
[PlyCount "81"]
[EventDate "2019.09.19"]
[EventType "swiss"]
[EventRounds "9"]
[EventCountry "RUS"]
[SourceTitle "EXT 2020"]
[Source "ChessBase"]
[SourceDate "2019.10.17"]
[SourceVersion "1"]
[SourceVersionDate "2019.10.17"]
[SourceQuality "1"]

1. e4 c5 2. Nf3 e6 3. d4 cxd4 4. Nxd4 Nf6 5. Nc3 d6 6. Be3 a6 7. f4 Qc7 8. Qf3 Be7 9. 0-0-0 Nc6 10. g4 Nxd4 11. Bxd4 e5 12. fxe5 dxe5 13. Qg3 Bd6 14. Bf2 Bxg4 15. Bb5+ Kf8 16. Rd3 Rc8 17. Ba4 Be6 18. Rhd1 Be7 19. Nd5 Bxd5 20. exd5 Ne4 21. d6 Bxd6 22. Qf3 Nxf2 23. Rc3 Qb8 24. Rxc8+ Qxc8 25. Rxd6 Ng4 26. Qd3 Ke7 27. Rd7+ Kf6 28. Qf3+ Kg5 29. Rxf7 g6 30. h3 Nh6 31. Qg3+ Ng4 32. hxg4 Qe6 33. Bb3 Qd6 34. Qe3+ Kxg4 35. Qf3+ Kh4 36. Qf2+ Kg4 37. Rf3 Kg5 38. Qe3+ Kh5 39. Bc4 Qd4 40. Rh3+ Kg4 41. Be6# 1-0

[Event "Chigorin Memorial 24th"]
[Site "St Petersburg"]
[Date "2016.10.19"]
[Round "5"]
[White "Smorodkin, Kirill"]
[Black "Mirzaeva, Gulnara"]
[Result "0-1"]
[WhiteElo "1627"]
[BlackElo "1919"]
[PlyCount "102"]
[EventDate "2016.10.15"]
[EventType "swiss"]
[EventRounds "9"]
[EventCountry "RUS"]
[SourceTitle "CBM 175 Extra"]
[Source "ChessBase"]
[SourceDate "2016.12.12"]
[SourceVersion "1"]
[SourceVersionDate "2016.12.12"]
[SourceQuality "1"]

1. e4 Nc6 2. Nf3 d6 3. d4 Nf6 4. Nc3 Bg4 5. Be2 e6 6. 0-0 Be7 7. h3 Bh5 8. Be3 0-0 9. Qd2 a6 10. a4 Nb4 11. Rad1 Bg6 12. Rc1 Qb8 13. Rfd1 Rd8 14. Bd3 c5 15. Qe2 Bh5 16. e5 dxe5 17. dxe5 Nxd3 18. cxd3 Bxf3 19. Qxf3 Qxe5 20. Bf4 Qd4 21. Qxb7 Bf8 22. Be3 Qe5 23. d4 cxd4 24. Bxd4 Qb8 25. Qf3 Be7 26. Qc6 Rc8 27. Qf3 e5 28. Be3 Qxb2 29. a5 Qb4 30. Bd2 Qxa5 31. Qb7 Qc7 32. Qf3 Qc6 33. Qxc6 Rxc6 34. Nd5 Rxc1 35. Nxe7+ Kf8 36. Bxc1 Kxe7 37. Ba3+ Ke6 38. g4 Nd5 39. Rc1 Nf4 40. Rd1 Ne2+ 41. Kf1 Nd4 42. Bb2 Kd5 43. f4 f6 44. Kf2 Rb8 45. Ba1 Rb3 46. Kg2 a5 47. h4 a4 48. g5 a3 49. Rd2 Rb1 50. Bc3 Kc4 51. Ba5 Rb2 0-1

[Event "Moscow op-B (Women)"]
[Site "Moscow"]
[Date "2016.02.05"]
[Round "7"]
[White "Lazhevskaya, Zhanni"]
[Black "Mirzaeva, Gulnara"]
[Result "1-0"]
[WhiteElo "2076"]
[BlackElo "1901"]
[PlyCount "83"]
[EventDate "2016.01.30"]
[EventType "swiss"]
[EventRounds "9"]
[EventCountry "RUS"]
[SourceTitle "CBM 170 Extra"]
[Source "ChessBase"]
[SourceDate "2016.02.25"]
[SourceVersion "1"]
[SourceVersionDate "2016.02.25"]
[SourceQuality "1"]

1. e4 c5 2. Nf3 Nc6 3. Bb5 d6 4. d4 cxd4 5. Qxd4 Bd7 6. Bxc6 Bxc6 7. Nc3 e5 8. Qd3 h6 9. Be3 Nf6 10. h3 Be7 11. 0-0-0 0-0 12. g4 b5 13. g5 hxg5 14. Bxg5 b4 15. Bxf6 bxc3 16. Bxg7 Kxg7 17. h4 Rh8 18. Rhg1+ Kf8 19. Nxe5 dxe5 20. Qg3 Bg5+ 21. hxg5 cxb2+ 22. Kb1 Qc7 23. g6 Rg8 24. g7+ Ke8 25. Rd3 f6 26. Rc3 Qd6 27. Qg4 Rd8 28. Rd3 Bd5 29. Rxd5 Qc6 30. Qg6+ Ke7 31. Rxd8 Kxd8 32. Qf7 Qe8 33. Qxf6+ Kc8 34. Rg3 Qd7 35. Qf8+ Qd8 36. Qxd8+ Kxd8 37. Kxb2 Kd7 38. c4 Kc6 39. Kc3 Kc5 40. Rg6 a5 41. a4 Rd8 42. g8Q 1-0

[Event "Moscow op-B (Women)"]
[Site "Moscow"]
[Date "2016.02.01"]
[Round "3"]
[White "Mirzaeva, Gulnara"]
[Black "Bychenkova, Yulia"]
[Result "1-0"]
[WhiteElo "1901"]
[BlackElo "1726"]
[PlyCount "59"]
[EventDate "2016.01.30"]
[EventType "swiss"]
[EventRounds "9"]
[EventCountry "RUS"]
[SourceTitle "CBM 170 Extra"]
[Source "ChessBase"]
[SourceDate "2016.02.25"]
[SourceVersion "1"]
[SourceVersionDate "2016.02.25"]
[SourceQuality "1"]

1. e4 d5 2. exd5 Qxd5 3. Nc3 Qd6 4. d4 Nf6 5. Nge2 Bg4 6. f3 Bf5 7. Bf4 Qd8 8. g4 Bg6 9. Bg3 a6 10. Bg2 Nc6 11. a3 e6 12. Qd2 Nd5 13. Ne4 Be7 14. 0-0-0 Qd7 15. N2c3 Na5 16. Nc5 Bxc5 17. dxc5 Nc4 18. Qd4 Nce3 19. Nxd5 Nxd5 20. f4 0-0-0 21. f5 exf5 22. Bxd5 Qe7 23. Qb4 Qe3+ 24. Kb1 b6 25. Qa4 a5 26. Qc6 Qxc5 27. Qb7+ Kd7 28. Bxc7 Ke7 29. Bxd8+ Kxd8 30. Bc6+ 1-0

[Event "Moscow op-B (Women)"]
[Site "Moscow"]
[Date "2016.01.31"]
[Round "2"]
[White "Pavlidou, Ekaterini"]
[Black "Mirzaeva, Gulnara"]
[Result "1-0"]
[WhiteElo "2223"]
[BlackElo "1901"]
[PlyCount "91"]
[EventDate "2016.01.30"]
[EventType "swiss"]
[EventRounds "9"]
[EventCountry "RUS"]
[SourceTitle "CBM 170 Extra"]
[Source "ChessBase"]
[SourceDate "2016.02.25"]
[SourceVersion "1"]
[SourceVersionDate "2016.02.25"]
[SourceQuality "1"]

1. d4 d5 2. c4 dxc4 3. Nf3 Nf6 4. e3 e6 5. Bxc4 a6 6. Qe2 c5 7. 0-0 b5 8. Bd3 Bb7 9. dxc5 Qa5 10. Nbd2 Nbd7 11. a3 Bxc5 12. b4 Bxb4 13. Nb3 Qa4 14. Nfd4 Bc3 15. Bd2 Bxa1 16. Rxa1 Bd5 17. Na5 Be4 18. Bxe4 Nxe4 19. Bb4 Nec5 20. Qb2 0-0 21. Ne2 Nd3 22. Qb1 Rfc8 23. Qxd3 Qc2 24. Qxc2 Rxc2 25. Nd4 Rc7 26. Ndc6 Nb6 27. e4 f6 28. Rd1 Nc4 29. h4 Kf7 30. Nd8+ Ke8 31. Nxe6 Rd7 32. Rxd7 Kxd7 33. Nxg7 Nxa5 34. Bxa5 Rc8 35. f4 Rc4 36. e5 fxe5 37. fxe5 Ke7 38. h5 Re4 39. Bc3 Rc4 40. Bb4+ Kf7 41. h6 a5 42. e6+ Kg6 43. e7 Re4 44. e8Q+ Rxe8 45. Nxe8 axb4 46. axb4 1-0

[Event "Chigorin Memorial 23rd"]
[Site "St Petersburg"]
[Date "2015.10.08"]
[Round "6"]
[White "Movldiev, Ibragim"]
[Black "Mirzaeva, Gulnara"]
[Result "0-1"]
[WhiteElo "2047"]
[BlackElo "1890"]
[PlyCount "66"]
[EventDate "2015.10.03"]
[EventType "swiss"]
[EventRounds "9"]
[EventCountry "RUS"]
[SourceTitle "CBM 168 Extra"]
[Source "ChessBase"]
[SourceDate "2015.10.29"]
[SourceVersion "1"]
[SourceVersionDate "2015.10.29"]
[SourceQuality "1"]

1. e4 c5 2. Nf3 Nc6 3. d4 cxd4 4. Nxd4 g6 5. Nc3 Bg7 6. Be3 Nf6 7. f3 0-0 8. g4 Qb6 9. Rb1 Nxe4 10. fxe4 Bxd4 11. Nd5 Qc5 12. b4 Nxb4 13. Bxd4 Nxc2+ 14. Qxc2 Qxd4 15. Bd3 d6 16. Qb2 Qxb2 17. Nxe7+ Kg7 18. Rxb2 Bxg4 19. Rxb7 Rfb8 20. Rc7 Be6 21. Nd5 Rb2 22. 0-0 Rxa2 23. Nf4 Kh6 24. Nxe6 fxe6 25. Rff7 Rd2 26. Rxh7+ Kg5 27. Rh3 Kf4 28. Re7 a5 29. Bb5 a4 30. Ra3 Rh8 31. h3 Rh5 32. Rxe6 Rg5+ 33. Kf1 Rxb5 0-1

[Event "Voronezh op-A 19th"]
[Site "Voronezh"]
[Date "2015.06.19"]
[Round "8"]
[White "Grachev, Andrey"]
[Black "Mirzaeva, Gulnara"]
[Result "1-0"]
[WhiteElo "2167"]
[BlackElo "2010"]
[PlyCount "73"]
[EventDate "2015.06.12"]
[EventType "swiss"]
[EventRounds "9"]
[EventCountry "RUS"]
[SourceTitle "CBM 167 Extra"]
[Source "ChessBase"]
[SourceDate "2015.09.14"]
[SourceVersion "1"]
[SourceVersionDate "2015.09.14"]
[SourceQuality "1"]

1. e4 c5 2. Nf3 d6 3. c3 Nf6 4. Be2 g6 5. 0-0 Bg7 6. Bb5+ Nc6 7. Re1 0-0 8. h3 e5 9. d4 exd4 10. cxd4 Qb6 11. Bxc6 Qxc6 12. d5 Qd7 13. a4 b6 14. Qd3 a6 15. Nc3 Qb7 16. Bf4 Rd8 17. Nd2 Nh5 18. Bg5 f6 19. Be3 f5 20. Bg5 Rf8 21. Nc4 fxe4 22. Nxe4 Bd4 23. Bh6 Rd8 24. Qf3 Rb8 25. Nexd6 Qd7 26. Nxc8 Rdxc8 27. Ne5 Qc7 28. Nc6 Rf8 29. Ne7+ Qxe7 30. Rxe7 Rxf3 31. gxf3 Rd8 32. Rae1 Nf6 33. d6 Rxd6 34. Rg7+ Kh8 35. Rf7 Ng8 36. Re8 g5 37. Rxg8+ 1-0

[Event "Voronezh op-A 19th"]
[Site "Voronezh"]
[Date "2015.06.17"]
[Round "6"]
[White "Aminov, Andrey"]
[Black "Mirzaeva, Gulnara"]
[Result "1-0"]
[WhiteElo "2255"]
[BlackElo "2010"]
[PlyCount "89"]
[EventDate "2015.06.12"]
[EventType "swiss"]
[EventRounds "9"]
[EventCountry "RUS"]
[SourceTitle "CBM 167 Extra"]
[Source "ChessBase"]
[SourceDate "2015.09.14"]
[SourceVersion "1"]
[SourceVersionDate "2015.09.14"]
[SourceQuality "1"]

1. Nf3 d5 2. c4 d4 3. b4 a5 4. Bb2 e5 5. Nxe5 axb4 6. a3 Ra5 7. Nf3 bxa3 8. Bxd4 a2 9. Nc3 Nc6 10. Be3 Be6 11. d3 Qa8 12. Nb5 Bd6 13. g3 Kd7 14. Bg2 Nge7 15. 0-0 Rd8 16. Nxd6 Kxd6 17. Nd2 Nf5 18. Bf4+ Kd7 19. Nb3 Ra3 20. Bc1 Ra7 21. Nc5+ Kc8 22. Bg5 Re8 23. g4 Nd6 24. h3 Ra5 25. Be3 f5 26. Nxe6 Rxe6 27. Bd2 Ra4 28. c5 Nb5 29. gxf5 Re5 30. e3 Rxf5 31. d4 Kb8 32. Qb3 Qa6 33. Qg8+ Ka7 34. Qxg7 Ncxd4 35. exd4 Nxd4 36. Qxc7 Nc2 37. c6 Qb6 38. Qxb6+ Kxb6 39. cxb7 Rf8 40. Bd5 Nxa1 41. Be3+ Kc7 42. Rxa1 Ra5 43. Bf4+ Rxf4 44. Rc1+ Kd7 45. b8Q 1-0

[Event "Voronezh op-A 19th"]
[Site "Voronezh"]
[Date "2015.06.16"]
[Round "5"]
[White "Mirzaeva, Gulnara"]
[Black "Timerkhanov, Alexander"]
[Result "1/2-1/2"]
[WhiteElo "2010"]
[BlackElo "2235"]
[PlyCount "119"]
[EventDate "2015.06.12"]
[EventType "swiss"]
[EventRounds "9"]
[EventCountry "RUS"]
[SourceTitle "CBM 167 Extra"]
[Source "ChessBase"]
[SourceDate "2015.09.14"]
[SourceVersion "1"]
[SourceVersionDate "2015.09.14"]
[SourceQuality "1"]

1. e4 c5 2. Nf3 d6 3. d4 cxd4 4. Nxd4 Nf6 5. Nc3 a6 6. Be3 e5 7. Nb3 Be6 8. h3 Nbd7 9. g4 h6 10. Qd2 b5 11. 0-0-0 Rc8 12. Kb1 Nb6 13. f4 Na4 14. Nxa4 bxa4 15. Nc1 exf4 16. Bxf4 Nxe4 17. Qd4 Nc5 18. Nd3 Be7 19. Nxc5 Rxc5 20. Qxc5 dxc5 21. Rxd8+ Kxd8 22. Bxa6 Kd7 23. Bb5+ Kc8 24. Bxa4 h5 25. g5 h4 26. Bc6 Rd8 27. a4 Bd6 28. Be3 Kc7 29. Bg2 Rb8 30. Rf1 Rb4 31. Kc1 Rxa4 32. b3 Ra5 33. Rf2 Kc8 34. Bf4 Be7 35. Re2 c4 36. g6 Bf6 37. gxf7 Bxf7 38. Kd2 g5 39. Be3 cxb3 40. cxb3 Bxb3 41. Bb6 Ra6 42. Bc5 Ra1 43. Bf3 Rd1+ 44. Ke3 Be5 45. Bg4+ Kc7 46. Ke4 Bf4 47. Be3 Bd5+ 48. Kf5 Rf1 49. Rf2 Rxf2 50. Bxf2 Bc1 51. Bd4 Kd6 52. Be5+ Kd7 53. Kf6+ Ke8 54. Bd4 Bc6 55. Be6 Bf3 56. Be5 Bd2 57. Bf5 Bd1 58. Be4 g4 59. hxg4 Bxg4 60. Bf5 1/2-1/2

[Event "Moscow op-B (Women)"]
[Site "Moscow"]
[Date "2015.02.03"]
[Round "4"]
[White "Ovod, Evgenija"]
[Black "Mirzaeva, Gulnara"]
[Result "1-0"]
[WhiteElo "2324"]
[BlackElo "2056"]
[PlyCount "91"]
[EventDate "2015.01.31"]
[EventType "swiss"]
[EventRounds "9"]
[EventCountry "RUS"]
[SourceTitle "CBM 164 Extra"]
[Source "ChessBase"]
[SourceDate "2015.03.02"]
[SourceVersion "1"]
[SourceVersionDate "2015.03.02"]
[SourceQuality "1"]

1. Nf3 d5 2. g3 g6 3. d4 Bg7 4. Bg2 Nf6 5. 0-0 0-0 6. c4 e6 7. Nc3 Nbd7 8. b4 a5 9. b5 dxc4 10. Ba3 Re8 11. e4 Nb6 12. Qe2 Bd7 13. Ne5 c6 14. bxc6 Bxc6 15. Nxc6 bxc6 16. Rfd1 Bf8 17. Bxf8 Rxf8 18. Rac1 a4 19. Qd2 a3 20. e5 Nfd5 21. Ne4 Kg7 22. Bf1 Ra4 23. Rb1 Qc7 24. Nc5 Ra7 25. Qc2 c3 26. Bg2 Rc8 27. Rb3 Nc4 28. Rdb1 Qe7 29. Bxd5 cxd5 30. Rxc3 Rac7 31. f4 h5 32. h4 Rc6 33. Kh2 Kh7 34. Kh3 R6c7 35. Rb5 Kg8 36. Rcb3 Rc6 37. Rb7 R6c7 38. Rxc7 Rxc7 39. Rb8+ Kg7 40. Qa4 Ra7 41. Qc6 f6 42. Nxe6+ Kh7 43. Qc8 g5 44. Qg8+ Kh6 45. hxg5+ fxg5 46. fxg5+ 1-0

[Event "Moscow op-B (Women)"]
[Site "Moscow"]
[Date "2015.02.01"]
[Round "2"]
[White "Komiagina, Maria"]
[Black "Mirzaeva, Gulnara"]
[Result "1-0"]
[WhiteElo "2262"]
[BlackElo "2056"]
[PlyCount "117"]
[EventDate "2015.01.31"]
[EventType "swiss"]
[EventRounds "9"]
[EventCountry "RUS"]
[SourceTitle "CBM 164 Extra"]
[Source "ChessBase"]
[SourceDate "2015.03.02"]
[SourceVersion "1"]
[SourceVersionDate "2015.03.02"]
[SourceQuality "1"]

1. e4 e5 2. Nf3 Nc6 3. Bb5 a6 4. Ba4 Nf6 5. d3 b5 6. Bb3 Bc5 7. 0-0 h6 8. a4 Rb8 9. axb5 axb5 10. Bd5 Nxd5 11. exd5 Ne7 12. Nxe5 0-0 13. c4 d6 14. Nc6 Nxc6 15. dxc6 bxc4 16. dxc4 Rb6 17. Ra8 Qh4 18. Nc3 Rxc6 19. Nd5 Ra6 20. g3 Qh3 21. Rb8 Ba7 22. Ne7+ Kh8 23. Rxc8 Rxc8 24. Nxc8 Qxc8 25. Qf3 Qe6 26. Bd2 Bd4 27. b3 Qf6 28. Qd3 Ra1 29. Be3 Bxe3 30. Qxe3 Rxf1+ 31. Kxf1 h5 32. Kg2 g6 33. h4 Kg7 34. b4 Qb2 35. b5 Kf6 36. Qa7 Qe5 37. Qxc7 Qe4+ 38. Kh2 Ke6 39. c5 dxc5 40. Qxc5 Qb7 41. Kg1 Kd7 42. Qe5 Qb6 43. Kf1 Qa5 44. Qd5+ Kc8 45. Kg2 Qc7 46. Qf3 Kd8 47. Qf6+ Kc8 48. Qa6+ Kd8 49. b6 Qc6+ 50. Kg1 Qc1+ 51. Kh2 Qc5 52. Qa8+ Kd7 53. Qb7+ Ke6 54. Kg2 f6 55. Qe4+ Kf7 56. b7 Qc7 57. Qb4 Qc6+ 58. Kh2 Qf3 59. Qb2 1-0

[Event "EU-ch U16 Girls 24th"]
[Site "Batumi"]
[Date "2014.10.24"]
[Round "6"]
[White "Pashkuridze, Tamar"]
[Black "Mirzaeva, Gulnara"]
[Result "1-0"]
[WhiteElo "1693"]
[BlackElo "1915"]
[PlyCount "75"]
[EventDate "2014.10.19"]
[EventType "swiss"]
[EventRounds "9"]
[EventCountry "GEO"]
[SourceTitle "EXT 2015"]
[Source "ChessBase"]
[SourceDate "2014.11.20"]
[SourceVersion "1"]
[SourceVersionDate "2014.11.20"]
[SourceQuality "1"]

1. d4 d5 2. Nf3 Nf6 3. c4 dxc4 4. Nc3 e6 5. e3 a6 6. Bxc4 c5 7. 0-0 b5 8. Bd3 Bb7 9. Be2 Nbd7 10. b3 Qb8 11. h3 Bd6 12. Bb2 0-0 13. Nd2 Rd8 14. Bf3 cxd4 15. exd4 Qa7 16. Bxb7 Qxb7 17. Qe2 Rac8 18. Rac1 Bf4 19. Nce4 Nxe4 20. Rxc8 Rxc8 21. Nxe4 Rc7 22. b4 Rc4 23. a3 Qc7 24. Nc5 Nxc5 25. dxc5 a5 26. Qf3 Qb8 27. Rd1 axb4 28. axb4 Rxb4 29. Qc3 Rxb2 30. Qxb2 Kf8 31. Rb1 e5 32. c6 Ke7 33. Qb4+ Ke6 34. Qc5 g6 35. c7 Qc8 36. Rxb5 e4 37. Qd5+ Kf6 38. Qd8+ 1-0

[Event "Samara Polugaevsky Memorial 4th"]
[Site "Samara"]
[Date "2014.07.09"]
[Round "8"]
[White "Mirzaeva, Gulnara"]
[Black "Baraeva, Marina"]
[Result "0-1"]
[WhiteElo "1900"]
[BlackElo "2103"]
[PlyCount "86"]
[EventDate "2014.07.02"]
[EventType "swiss"]
[EventRounds "9"]
[EventCountry "RUS"]
[SourceTitle "CBM 161 Extra"]
[Source "ChessBase"]
[SourceDate "2014.08.29"]
[SourceVersion "1"]
[SourceVersionDate "2014.08.29"]
[SourceQuality "1"]

1. e4 e6 2. d4 d5 3. Nc3 Nf6 4. Bg5 dxe4 5. Nxe4 Nbd7 6. Nxf6+ Nxf6 7. Nf3 c5 8. Qd2 Be7 9. h4 0-0 10. Bd3 cxd4 11. 0-0-0 Qd5 12. Qe2 Qxa2 13. Nd2 Qa1+ 14. Nb1 Qa5 15. g4 Nd5 16. Bxe7 Nxe7 17. Qe4 f5 18. Qxd4 Nc6 19. Qe3 fxg4 20. Rhe1 Nb4 21. Bc4 Qf5 22. Qb3 Qf4+ 23. Nd2 Nd5 24. Re4 Qf5 25. Rg1 Nf4 26. Qc3 Qf6 27. Qg3 Kh8 28. Rge1 h5 29. Re5 Bd7 30. R1e4 Rac8 31. Qb3 g6 32. Bb5 Bxb5 33. Qxb5 Qxh4 34. b3 Qxf2 35. Nc4 g3 36. Rxe6 Nxe6 37. Rxe6 Qf4+ 38. Kb2 Qf5 39. Re5 Qf6 40. Ne3 a6 41. Qd5 Rce8 42. Nc4 Rxe5 43. Nxe5 Re8 0-1

[Event "Samara Polugaevsky Memorial 4th"]
[Site "Samara"]
[Date "2014.07.08"]
[Round "7"]
[White "Mirzaeva, Gulnara"]
[Black "Velichko, Arseny"]
[Result "1/2-1/2"]
[WhiteElo "1900"]
[BlackElo "2042"]
[PlyCount "117"]
[EventDate "2014.07.02"]
[EventType "swiss"]
[EventRounds "9"]
[EventCountry "RUS"]
[SourceTitle "CBM 161 Extra"]
[Source "ChessBase"]
[SourceDate "2014.08.29"]
[SourceVersion "1"]
[SourceVersionDate "2014.08.29"]
[SourceQuality "1"]

1. e4 e6 2. d4 d5 3. Nd2 Nf6 4. exd5 exd5 5. Bd3 Bd6 6. Ngf3 0-0 7. 0-0 Bg4 8. h3 Bh5 9. c3 c6 10. Qc2 Bg6 11. Nh4 Re8 12. Nxg6 hxg6 13. Qb3 Qc7 14. c4 Nbd7 15. Nf3 dxc4 16. Bxc4 Nb6 17. Bd2 Nxc4 18. Qxc4 Bf4 19. Bxf4 Qxf4 20. Rfe1 Rad8 21. Re5 Rxe5 22. Nxe5 Ne4 23. Nf3 Nd2 24. Nxd2 Rxd4 25. Qc5 Rxd2 26. Qxa7 Rxb2 27. a4 Kh7 28. Qe3 Qxe3 29. fxe3 Rd2 30. a5 Rd8 31. a6 Ra8 32. a7 Kg8 33. Kf2 Kf8 34. h4 Ke7 35. g4 Kd7 36. h5 b5 37. hxg6 fxg6 38. e4 b4 39. Ke3 b3 40. Rb1 Rxa7 41. Rxb3 Kd6 42. Rd3+ Ke6 43. Rc3 Rc7 44. Rc5 Rc8 45. Rg5 c5 46. Rxg6+ Kf7 47. Ra6 c4 48. Kd2 c3+ 49. Kc2 Rc4 50. g5 Rxe4 51. g6+ Ke7 52. Kxc3 Re6 53. Ra7+ Kf6 54. Kd4 Kxg6 55. Ra5 Re1 56. Ra2 Rf1 57. Rg2+ Kf6 58. Ke3 g5 59. Rf2+ 1/2-1/2

[Event "Volga Region-ch (Women) 12th"]
[Site "Togliatti"]
[Date "2014.03.22"]
[Round "9"]
[White "Mirzaeva, Gulnara"]
[Black "Shendrik, Zhanna"]
[Result "1/2-1/2"]
[WhiteElo "1890"]
[BlackElo "2021"]
[PlyCount "133"]
[EventDate "2014.03.14"]
[EventType "swiss"]
[EventRounds "9"]
[EventCountry "RUS"]
[SourceTitle "CBM 159 Extra"]
[Source "ChessBase"]
[SourceDate "2014.04.24"]
[SourceVersion "1"]
[SourceVersionDate "2014.04.24"]
[SourceQuality "1"]

1. e4 g6 2. d4 d6 3. Nc3 Bg7 4. h3 Nf6 5. Nf3 0-0 6. Bc4 Nxe4 7. Nxe4 d5 8. Bd3 dxe4 9. Bxe4 c6 10. c3 Qc7 11. Be3 Nd7 12. Bc2 Nb6 13. Qc1 Re8 14. Bf4 Qd8 15. Be5 Nd7 16. Bxg7 Kxg7 17. Qf4 e5 18. dxe5 Nxe5 19. Nxe5 Qe7 20. 0-0-0 Qxe5 21. Qxe5+ Rxe5 22. Rd8 b6 23. Rhd1 Re7 24. R1d6 Bb7 25. R6d7 Re1+ 26. Kd2 Rxd8 27. Rxd8 Re7 28. f3 Kf6 29. b4 Kg5 30. Rd4 Ba6 31. h4+ Kh5 32. Bd1 Kh6 33. Rd6 Bb7 34. Be2 Kh5 35. g3 Kh6 36. Bd3 c5 37. bxc5 bxc5 38. Be2 Kg7 39. a4 Rc7 40. a5 Bc6 41. Ke3 Re7+ 42. Kf4 Rc7 43. Ba6 f6 44. Be2 h6 45. Bc4 g5+ 46. hxg5 hxg5+ 47. Kf5 Bxf3 48. Rxf6 g4 49. Rg6+ Kf8 50. Rg8+ Ke7 51. Rg7+ Kd6 52. Rg6+ Ke7 53. Rg7+ Kd6 54. Rxc7 Kxc7 55. Ke5 Kc6 56. Bd3 Bd1 57. Bc4 Bf3 58. Ke6 Bd1 59. Ba6 Bf3 60. c4 Kc7 61. Bb5 Bg2 62. Kf5 Bf3 63. Ba6 Be2 64. Kf4 Kd6 65. Kf5 Bf3 66. Bb5 Be2 67. Ba6 1/2-1/2

[Event "Volga Region-ch (Women) 12th"]
[Site "Togliatti"]
[Date "2014.03.21"]
[Round "8"]
[White "Makarenko, Alexandra"]
[Black "Mirzaeva, Gulnara"]
[Result "0-1"]
[WhiteElo "2098"]
[BlackElo "1890"]
[PlyCount "52"]
[EventDate "2014.03.14"]
[EventType "swiss"]
[EventRounds "9"]
[EventCountry "RUS"]
[SourceTitle "CBM 159 Extra"]
[Source "ChessBase"]
[SourceDate "2014.04.24"]
[SourceVersion "1"]
[SourceVersionDate "2014.04.24"]
[SourceQuality "1"]

1. d4 d5 2. Nc3 Nf6 3. Bg5 Bf5 4. f3 c6 5. e4 dxe4 6. Bxf6 gxf6 7. fxe4 Bg6 8. Nf3 Qb6 9. Qd2 Bh6 10. Qxh6 Qxb2 11. Kd2 Qxa1 12. h4 Nd7 13. h5 Bxe4 14. Nxe4 0-0-0 15. Qe3 Ne5 16. Qa3 Qxf1 17. Nxe5 Qf4+ 18. Kd3 fxe5 19. c3 exd4 20. Qxa7 dxc3+ 21. Kxc3 Qe5+ 22. Kb3 Rd3+ 23. Kc2 Qxe4 24. Qa8+ Kc7 25. Qa5+ Kb8 26. Rh4 Qe2+ 0-1

[Event "Volga Region-ch (Women) 12th"]
[Site "Togliatti"]
[Date "2014.03.15"]
[Round "2"]
[White "Markelova, Lubov"]
[Black "Mirzaeva, Gulnara"]
[Result "1-0"]
[WhiteElo "2108"]
[BlackElo "1890"]
[PlyCount "51"]
[EventDate "2014.03.14"]
[EventType "swiss"]
[EventRounds "9"]
[EventCountry "RUS"]
[SourceTitle "CBM 159 Extra"]
[Source "ChessBase"]
[SourceDate "2014.04.24"]
[SourceVersion "1"]
[SourceVersionDate "2014.04.24"]
[SourceQuality "1"]

1. Nf3 d5 2. d4 Nf6 3. c4 dxc4 4. Nc3 a6 5. e4 b5 6. e5 Nd5 7. a4 e6 8. axb5 Bb4 9. Qc2 Nb6 10. Qe4 Qd5 11. Qg4 Bxc3+ 12. bxc3 axb5 13. Rxa8 Qxa8 14. Be2 Kf8 15. Ng5 h6 16. Qh5 g6 17. Qh4 Nd5 18. Bf3 Qa6 19. Ne4 Kg7 20. Nf6 c6 21. Bxd5 exd5 22. 0-0 h5 23. Ne8+ Kh7 24. Qf6 Rg8 25. Qxf7+ Kh8 26. Nf6 1-0

[Event "Wch U14 Girls"]
[Site "Al Ain"]
[Date "2013.12.24"]
[Round "8"]
[White "Mirzaeva, Gulnara"]
[Black "Tishova, Svetlana"]
[Result "1-0"]
[WhiteElo "1892"]
[BlackElo "1738"]
[PlyCount "93"]
[EventDate "2013.12.18"]
[EventType "swiss"]
[EventRounds "11"]
[EventCountry "UAE"]
[SourceTitle "CBM 158 Extra"]
[Source "ChessBase"]
[SourceDate "2014.02.28"]
[SourceVersion "1"]
[SourceVersionDate "2014.02.28"]
[SourceQuality "1"]

1. e4 c5 2. Nf3 e6 3. d4 cxd4 4. Nxd4 a6 5. Bd3 Nf6 6. 0-0 Qc7 7. Qe2 d6 8. c4 g6 9. Nc3 Bg7 10. Be3 Nc6 11. Nb3 0-0 12. f3 Nd7 13. Rad1 Nde5 14. f4 Nxd3 15. Rxd3 Nb4 16. Rd2 b6 17. Rfd1 Rd8 18. e5 Bf8 19. Ne4 d5 20. Nf6+ Kg7 21. Qf2 Rb8 22. Qh4 h5 23. g4 Be7 24. gxh5 Rh8 25. h6+ Kf8 26. h7 Bxf6 27. exf6 Ke8 28. Qh6 Qd6 29. a3 Nc6 30. Qg7 Qf8 31. f5 Ne5 32. Bh6 Nd7 33. cxd5 e5 34. Re2 Kd8 35. Qxf8+ Nxf8 36. Bg7 Rxh7 37. Bxf8 Bxf5 38. Rxe5 Rc8 39. Nd4 Bd7 40. Be7+ Kc7 41. Rc1+ Kb7 42. Rxc8 Kxc8 43. Nf3 Be8 44. Bc5 bxc5 45. Rxe8+ Kd7 46. Re7+ Kd6 47. Ng5 1-0

[Event "Wch U14 Girls"]
[Site "Al Ain"]
[Date "2013.12.23"]
[Round "7"]
[White "Hojjatova, Aydan Hikmat Qizi"]
[Black "Mirzaeva, Gulnara"]
[Result "1-0"]
[WhiteElo "1970"]
[BlackElo "1892"]
[PlyCount "87"]
[EventDate "2013.12.18"]
[EventType "swiss"]
[EventRounds "11"]
[EventCountry "UAE"]
[SourceTitle "CBM 158 Extra"]
[Source "ChessBase"]
[SourceDate "2014.02.28"]
[SourceVersion "1"]
[SourceVersionDate "2014.02.28"]
[SourceQuality "1"]

1. e4 c5 2. Nc3 Nc6 3. g3 g6 4. Bg2 Bg7 5. d3 d6 6. f4 e6 7. Nf3 Nge7 8. 0-0 0-0 9. Be3 b6 10. Bf2 Ba6 11. a4 Qd7 12. Re1 Nd4 13. Qd2 Rad8 14. Bxd4 cxd4 15. Nb5 e5 16. Qb4 Nc6 17. Qa3 Qg4 18. Nc7 Bb7 19. Nd5 Qd7 20. Ng5 h6 21. Bh3 f5 22. Qa2 Kh8 23. Nf3 Ne7 24. Nxe7 Qxe7 25. Nh4 Qe8 26. exf5 gxf5 27. Bxf5 Rxf5 28. Nxf5 Qh5 29. Qe6 Rf8 30. Nxd6 Bf3 31. Rxe5 Bg4 32. Rxh5 Bxe6 33. f5 Bd7 34. Re1 Rf6 35. Ne4 Rc6 36. f6 Bf8 37. Rd5 Bh3 38. Rd8 Kg8 39. Nf2 Bf5 40. Ree8 Rxf6 41. Ne4 Rf7 42. Nd6 Bd7 43. Rxf8+ Rxf8 44. Rxd7 1-0

[Event "Wch U14 Girls"]
[Site "Al Ain"]
[Date "2013.12.22"]
[Round "6"]
[White "Mirzaeva, Gulnara"]
[Black "Bykovtsev, Agata"]
[Result "0-1"]
[WhiteElo "1892"]
[BlackElo "1970"]
[PlyCount "106"]
[EventDate "2013.12.18"]
[EventType "swiss"]
[EventRounds "11"]
[EventCountry "UAE"]
[SourceTitle "CBM 158 Extra"]
[Source "ChessBase"]
[SourceDate "2014.02.28"]
[SourceVersion "1"]
[SourceVersionDate "2014.02.28"]
[SourceQuality "1"]

1. e4 c5 2. Nf3 d6 3. d4 cxd4 4. Nxd4 Nf6 5. Nc3 a6 6. Be3 e5 7. Nb3 Be6 8. h3 Be7 9. f4 exf4 10. Bxf4 Nc6 11. Qe2 Ne5 12. 0-0-0 Qc7 13. Kb1 0-0 14. g4 Rac8 15. g5 Nfd7 16. Qg2 b5 17. h4 Nc4 18. Nd5 Bxd5 19. exd5 Ndb6 20. Bxc4 bxc4 21. Nd4 Na4 22. Nc6 Qb7 23. Nxe7+ Qxe7 24. Ka1 Rb8 25. Rb1 Rb5 26. Rhe1 Qd7 27. Qe4 Rfb8 28. Qxc4 Rb4 29. Qf1 Nxb2 30. Bd2 R4b5 31. c4 R5b7 32. Bc3 Na4 33. Rxb7 Qxb7 34. Qe2 Qb1+ 35. Rxb1 Rxb1+ 36. Kxb1 Nxc3+ 37. Kb2 Nxe2 38. Ka3 f5 39. gxf6 gxf6 40. Kb4 Kf7 41. c5 dxc5+ 42. Kxc5 Ke7 43. a4 f5 44. a5 f4 45. Kb6 Kd6 46. Kxa6 f3 47. Kb7 f2 48. a6 f1Q 49. a7 Qb1+ 50. Kc8 Qc2+ 51. Kb7 Qb3+ 52. Kc8 Qxd5 53. Kb8 Qb5+ 0-1